Statistics for Biology review: Cell parts

Click here to take the quiz!

General Stats

  • This quiz has been taken 223 times
  • The average score is 5 of 9

Answer Stats

DefinitionAnswer% Correct
Spherical structure containing genetic informationNucleus
90%
Make energy available to the cell. Called the "power plants"Mitochondria
85%
All organelles are suspended in this substanceCytoplasm
83%
Flexible double-layered membrane that only lets certain substances passCell membrane
75%
Porous structure made of cellulose that protects cells from damageCell wall
74%
Branching networks and pockets that transport materials such as proteinsEndoplasmic reticulum
32%
Contains substances that remove unwanted substances from the cellVacuoles
12%
Process waste materials and secrete mucusGolgi bodies
4%
Contain chlorophyll which allows photosynthesis to occur.Choloplasts
0%

Score Distribution

Percentile by Number Answered

Percent of People with Each Score

Your Score History

You have not taken this quiz